LEADER 01128nam0 2200325 450 001 000031910 005 20181221145104.0 010 $a978-88-470-3952-0 100 $a20180620d2017----km-y0itay50------ba 101 0 $aita 102 $aIT 105 $ay-------001yy 200 1 $aCalcolo scientifico$eesercizi e problemi risolti con MATLAB e Octave$fAlfio Quarteroni, Fausto Saleri, Paola Gervasio 205 $a6. ed. 210 $aMilano$cSpringer$d2017 215 $aXX, 523 p.$cill.$d24 cm 225 2 $aUnitext$v105 410 0$12001$aUnitext$v105 451 1$1001000007955 500 10$aCalcolo scientifico$9848278 610 1 $aCalcolo numerico$aEsercizi$aImpiego [di] Programmi per elaboratori 676 $a518.0285536$v23$9Analisi numerica. Applicazioni del computer. Programmi per personal computer 700 1$aQuarteroni,$bAlfio$08375 701 1$aGervasio,$bPaola$0518008 701 1$aSaleri,$bFausto$022728 801 0$aIT$bUNIPARTHENOPE$c20180620$gREICAT$2UNIMARC 912 $a000031910 951 $aP1 518-C/22$b47129$cPIST$d2018 996 $aCalcolo scientifico$9848278 997 $aUNIPARTHENOPE LEADER 01370nam0 22002891i 450 001 UON00079708 005 20231205102424.613 100 $a20020107d1997 |0itac50 ba 101 $aeng$aFRE$aSPA 102 $aCH 105 $a|||| ||||| 200 1 $aEstados Unidos Francia y Guinea Ecuatorial$elas "Amistades" dudosas$etres sinopsis historicos - cuatro bibiliografias (trilingue)$d[United States France and Equatorial Guinea$dTats Unis France et Guinee Equatoriale] Max Liniger-Goumaz 210 $aGinebra$cLes Editions du temps$d1997 215 $a287 p.$d24 cm 510 1$3UON00361243$aUnited States France and Equatorial Guinea 510 1$3UON00361244$aEtats Unis France et Guinee Equatoriale 606 $aGUINEA EQUATORIALE$xStoria$xSec. 19.-20.$3UONC024291$2FI 620 $dGinevra$3UONL000101 676 $a967.1803$cSTORIA DELLA GUINEA EQUATORIALE - 1979-1993$v21 700 1$aLINIGER-GOUMAZ$bMax$3UONV048491$0243927 712 $aEditions du temps$3UONV257832$4650 801 $aIT$bSOL$c20240220$gRICA 899 $aSIBA - SISTEMA BIBLIOTECARIO DI ATENEO$2UONSI 912 $aUON00079708 950 $aSIBA - SISTEMA BIBLIOTECARIO DI ATENEO$dSI AOC ST 373 $eSI AA 19860 5 373 996 $aEstados Unidos Francia y Guinea Ecuatorial$91301099 997 $aUNIOR